<?xml version="1.0" encoding="UTF-8"?>
<record
    xmlns:xsi="http://www.w3.org/2001/XMLSchema-instance"
    xsi:schemaLocation="http://www.loc.gov/MARC21/slim http://www.loc.gov/standards/marcxml/schema/MARC21slim.xsd"
    xmlns="http://www.loc.gov/MARC21/slim">

  <leader>01402nam a2200265 i 4500</leader>
  <datafield tag="999" ind1=" " ind2=" ">
    <subfield code="c">22955</subfield>
    <subfield code="d">22955</subfield>
  </datafield>
  <controlfield tag="003">AR-CdUCM</controlfield>
  <controlfield tag="008">240802b        cl ||||| |||| 00| 0 spa d</controlfield>
  <datafield tag="020" ind1=" " ind2=" ">
    <subfield code="a">978-956-307-084-2</subfield>
  </datafield>
  <datafield tag="040" ind1=" " ind2=" ">
    <subfield code="a">MUNICIPALIDAD PROVINCIAL DEL CUSCO</subfield>
    <subfield code="c">BIBLIOTECA MUNICIPAL DEL CUSCO</subfield>
  </datafield>
  <datafield tag="082" ind1=" " ind2=" ">
    <subfield code="a">129.8 / S17L</subfield>
    <subfield code="b">S17L</subfield>
  </datafield>
  <datafield tag="100" ind1=" " ind2=" ">
    <subfield code="a">Saldivia Maldonado, Zenobio</subfield>
  </datafield>
  <datafield tag="245" ind1=" " ind2=" ">
    <subfield code="a">Lecturas de epistemolog&#xED;a /</subfield>
    <subfield code="c">Saldivia Maldonado, Zenobio ; D&#xED;az C&#xE9;spedes, Francisco</subfield>
  </datafield>
  <datafield tag="260" ind1=" " ind2=" ">
    <subfield code="a">Chile :</subfield>
    <subfield code="b">Bravo y Allende Editores,</subfield>
    <subfield code="c">2020.</subfield>
  </datafield>
  <datafield tag="300" ind1=" " ind2=" ">
    <subfield code="a">186 p&#xE1;ginas. :</subfield>
    <subfield code="c">21 cm.</subfield>
  </datafield>
  <datafield tag="505" ind1=" " ind2=" ">
    <subfield code="a">La ciencia como objeto de estudio  -- Paradigmas que han incidido de manera relevante en la marcha de las ciencias --  Epistemolog&#xED;a, progreso y dise&#xF1;o -- Introducci&#xF3;n al concepto de causalidad en David Hume -- El positivismo y su impacto en Chile -- Jean Piaget y la Teor&#xED;a de la Evoluci&#xF3;n de la Inteligencia y los ni&#xF1;os en Latinoam&#xE9;rica -- Principales diferencias y semejanzas en la prosa epist&#xE9;mica de Lakatos y Bachelard -- La visi&#xF3;n de Paul Feyerabend en torno a los modelos cient&#xED;ficos de Newton y de Einstein...
</subfield>
  </datafield>
  <datafield tag="650" ind1=" " ind2=" ">
    <subfield code="a">La ciencia</subfield>
    <subfield code="9">35943</subfield>
  </datafield>
  <datafield tag="650" ind1=" " ind2=" ">
    <subfield code="a">Epistemolog&#xED;a</subfield>
    <subfield code="9">15376</subfield>
  </datafield>
  <datafield tag="650" ind1=" " ind2=" ">
    <subfield code="a">El positivismo</subfield>
    <subfield code="9">50116</subfield>
  </datafield>
  <datafield tag="650" ind1=" " ind2=" ">
    <subfield code="a">Lakatos y Bachelard</subfield>
    <subfield code="9">50117</subfield>
  </datafield>
  <datafield tag="650" ind1=" " ind2=" ">
    <subfield code="a">Paul Feyerabend</subfield>
    <subfield code="9">50118</subfield>
  </datafield>
  <datafield tag="700" ind1=" " ind2=" ">
    <subfield code="a">D&#xED;az C&#xE9;spedes, Francisco</subfield>
    <subfield code="9">50119</subfield>
  </datafield>
  <datafield tag="942" ind1=" " ind2=" ">
    <subfield code="2">ddc</subfield>
    <subfield code="c">LIBROS</subfield>
  </datafield>
  <datafield tag="945" ind1=" " ind2=" ">
    <subfield code="a">pbj</subfield>
    <subfield code="d">2024-08-02</subfield>
  </datafield>
  <datafield tag="952" ind1=" " ind2=" ">
    <subfield code="0">0</subfield>
    <subfield code="2">ddc</subfield>
    <subfield code="4">0</subfield>
    <subfield code="7">0</subfield>
    <subfield code="a">SH</subfield>
    <subfield code="b">SH</subfield>
    <subfield code="c">CART</subfield>
    <subfield code="d">2024-08-02</subfield>
    <subfield code="f">donaci&#xF3;n</subfield>
    <subfield code="g">10.00</subfield>
    <subfield code="o">129.8 / S17L </subfield>
    <subfield code="p">SH0000016783</subfield>
    <subfield code="r">2024-08-02</subfield>
    <subfield code="y">LIBROS</subfield>
  </datafield>
</record>
